| 000 | 00428nam a2200169Ia 4500 | ||
|---|---|---|---|
| 008 | 230917s9999||||xx |||||||||||||| ||und|| | ||
| 020 | _cRS75 | ||
| 040 |
_e24542 _aMAIN |
||
| 041 | _aEnglish | ||
| 082 | _a954.03 G919N | ||
| 100 | _aGrover, B L | ||
| 245 | 0 | _aNew look at modern indian history from 1707 to present day | |
| 250 | _a12th ed. | ||
| 260 |
_aNew Delhi _bS Chand _c1993 |
||
| 300 | _axxiii, 673 p. | ||
| 942 | _cBK | ||
| 999 |
_c95903 _d95903 |
||